[Event "Südlohner SV 2 - SK Königsspringer Nord"]
[Site "Verbandsliga 2019/2020"]
[Date "2019.09.07"]
[Round "1.8"]
[White "Schlattmann, Martin"]
[Black "Hillenkoetter, Albert"]
[Result "1-0"]
[WhiteElo "1731"]
[BlackElo "1343"]
[PlyCount "115"]
[EventDate "2019.??.??"]
[SourceDate "2019.09.14"]

1. d4 d5 2. Nf3 Nc6 3. Bf4 Bf5 4. c3 e6 5. e3 Bd6 6. Bg3 a6 7. Be2 Nge7 8. Nbd2
h6 9. a3 O-O 10. c4 dxc4 11. Nxc4 Bxg3 12. hxg3 b5 13. Nce5 Nxe5 14. Nxe5 Qd6
15. Rc1 Rac8 16. b4 Be4 17. Bf3 Qd5 18. Bxe4 Qxe4 19. Qf3 Qxf3 20. gxf3 Nd5 21.
Ke2 Nb6 22. Rc6 f6 23. Nd3 Rfe8 24. Rhc1 Nc4 25. Rc3 e5 26. dxe5 fxe5 27. Rxa6
Ra8 28. Rc6 Rxa3 29. Rxa3 Nxa3 30. Rxc7 e4 31. fxe4 Rxe4 32. f3 Rc4 33. Rxc4
bxc4 34. Nc5 Nb5 35. Kd2 Kf7 36. Ne4 Ke6 37. Nc3 Nd6 38. e4 g5 39. b5 h5 40.
Ke3 Ke5 41. f4+ gxf4+ 42. gxf4+ Ke6 43. Kf3 Kf7 44. b6 Nb7 45. Kg3 Kg6 46. Kh4
Nd6 47. e5 Nf5+ 48. Kh3 Ne7 49. b7 Nc6 50. Nd5 Kf7 51. f5 Ke8 52. e6 Kf8 53. f6
Ke8 54. Kh4 Nb8 55. Kxh5 Nc6 56. Kg6 c3 57. Nxc3 Ne7+ 58. fxe7 1-0

[Event "SF Telgte 1 - SF Beelen 1"]
[Site "Verbandsliga 2019/2020"]
[Date "2019.09.07"]
[Round "1.1"]
[White "Hofene, Dieter"]
[Black "Junker, Axel"]
[Result "0-1"]
[WhiteElo "1990"]
[BlackElo "1925"]
[PlyCount "62"]
[EventDate "2019.??.??"]
[SourceDate "2019.09.14"]

1. e4 g6 2. Bc4 Bg7 3. d3 d6 4. Nc3 c5 5. Nge2 Nc6 6. O-O e6 7. f4 Nge7 8. Be3
Nd4 9. Qd2 Bd7 10. a4 a6 11. a5 Nec6 12. f5 gxf5 13. exf5 Nxf5 14. Rxf5 exf5
15. Nd5 h6 16. Nef4 Bd4 17. c3 Bxe3+ 18. Qxe3+ Kf8 19. Nb6 Rb8 20. d4 cxd4 21.
cxd4 Qe7 22. Qa3 Be8 23. Nfd5 Qd8 24. Re1 Rg8 25. Qe3 Qg5 26. Nf4 Kg7 27. g3
Nxa5 28. Bd3 Bb5 29. Bxb5 axb5 30. d5 Nc4 31. Nd7 Nxe3 0-1

[Event "SF Telgte 1 - SF Beelen 1"]
[Site "Verbandsliga 2019/2020"]
[Date "2019.09.07"]
[Round "1.2"]
[White "Lodde, Martin"]
[Black "Hanewinkel, Winfried"]
[Result "1-0"]
[WhiteElo "1937"]
[BlackElo "1892"]
[PlyCount "137"]
[EventDate "2019.??.??"]
[SourceDate "2019.09.14"]

1. d4 Nf6 2. g3 e6 3. Bg2 c5 4. c3 d5 5. Nf3 Nc6 6. O-O Be7 7. dxc5 Bxc5 8. b4
Bd6 9. a3 O-O 10. Nbd2 Ne5 11. Nxe5 Bxe5 12. Bb2 Bd7 13. a4 Rc8 14. Qb3 b6 15.
b5 Bd6 16. c4 dxc4 17. Nxc4 Bc5 18. Rac1 Qe7 19. Rfd1 Rcd8 20. Ne5 Rc8 21. Rc3
Rfd8 22. Rcd3 Be8 23. h3 Rxd3 24. Qxd3 Qc7 25. g4 Be7 26. Nc6 Bxc6 27. bxc6 h6
28. Qb5 Bc5 29. Bxf6 gxf6 30. Rd7 Qe5 31. Bf3 Bd6 32. Qxe5 Bxe5 33. Rxa7 Kf8
34. Be4 Ke8 35. Kf1 Rc7 36. Ra6 Bd4 37. e3 Bc5 38. a5 bxa5 39. Rxa5 Bd6 40.
Ra8+ Ke7 41. Rh8 f5 42. gxf5 exf5 43. Bd5 Kf6 44. Rxh6+ Ke5 45. Bg2 f6 46. f4+
Ke6 47. Rh8 Bc5 48. Ke2 Re7 49. Rd8 Kf7 50. Rd7 Rxd7 51. cxd7 Ke7 52. Bc6 Bb6
53. Ba4 Bd8 54. Kf3 Bb6 55. h4 Bd8 56. e4 fxe4+ 57. Kxe4 Kf7 58. Kf5 Kg7 59.
Bb3 Kh6 60. Bf7 Kg7 61. Be8 Kh6 62. Ke6 Kg7 63. f5 Kf8 64. Kd6 Ba5 65. Kc6 Ke7
66. h5 Kf8 67. Kb7 Ke7 68. Kc8 Bb6 69. h6 1-0

[Event "SF Telgte 1 - SF Beelen 1"]
[Site "Verbandsliga 2019/2020"]
[Date "2019.09.07"]
[Round "1.3"]
[White "Hanewinkel, Martin"]
[Black "Kuhlenbaeumer, Alfred"]
[Result "1-0"]
[WhiteElo "1853"]
[BlackElo "1811"]
[PlyCount "67"]
[EventDate "2019.??.??"]
[SourceDate "2019.09.14"]

1. d4 d6 2. Nf3 Bg4 3. Bf4 c6 4. Nbd2 Nf6 5. c3 Bf5 6. e3 Nbd7 7. h3 h6 8. a4
g5 9. Bh2 Bg7 10. a5 Qc8 11. Bc4 Bg6 12. Qe2 Ne4 13. Nxe4 Bxe4 14. Bd3 Bxd3 15.
Qxd3 c5 16. O-O c4 17. Qe2 Qc6 18. e4 Rc8 19. e5 d5 20. Nd2 Qe6 21. f4 gxf4 22.
Rxf4 Rc6 23. Qf3 O-O 24. Nf1 f6 25. Ne3 fxe5 26. Rxf8+ Nxf8 27. Bxe5 Bxe5 28.
dxe5 Qxe5 29. Rf1 Qg7 30. Qxd5+ e6 31. Qd8 Rc5 32. Rf4 h5 33. Nxc4 Rg5 34.
Rxf8+ 1-0

[Event "SF Telgte 1 - SF Beelen 1"]
[Site "Verbandsliga 2019/2020"]
[Date "2019.09.07"]
[Round "1.4"]
[White "Dieckmann, Werner"]
[Black "Hanewinkel, Christian"]
[Result "1-0"]
[WhiteElo "1779"]
[BlackElo "1803"]
[PlyCount "85"]
[EventDate "2019.??.??"]
[SourceDate "2019.09.14"]

1. d4 Nf6 2. Nf3 d6 3. Bf4 g6 4. c3 Bg7 5. h3 O-O 6. e3 b6 7. Nbd2 Bb7 8. Be2
Nbd7 9. O-O Nd5 10. Bh2 e5 11. dxe5 dxe5 12. Bc4 Qe7 13. Qc2 Nc5 14. Bxd5 Bxd5
15. e4 Bb7 16. b4 Nd7 17. Rfe1 a6 18. Bg3 h6 19. Rad1 b5 20. Nb3 Rab8 21. Qd3
Rfd8 22. Qe3 Bf8 23. Na5 c5 24. Nxb7 Rxb7 25. bxc5 Rc8 26. Rd5 f6 27. Nh4 Kh7
28. Qf3 Qf7 29. Red1 Nxc5 30. Qg4 Rcc7 31. Rd8 Be7 32. Nxg6 Bxd8 33. Rxd8 Qxg6
34. Rh8+ Kxh8 35. Qxg6 Rf7 36. Qxh6+ Kg8 37. Bh4 Nd7 38. Qg6+ Kf8 39. Qf5 Rc7
40. Qe6 Nc5 41. Qd6+ Kg7 42. Bxf6+ Kh7 43. Qxe5 1-0

[Event "SF Telgte 1 - SF Beelen 1"]
[Site "Verbandsliga 2019/2020"]
[Date "2019.09.07"]
[Round "1.5"]
[White "Cigelski, Rudolf"]
[Black "Pohl, Detlev"]
[Result "1-0"]
[WhiteElo "1798"]
[BlackElo "1798"]
[PlyCount "59"]
[EventDate "2019.??.??"]
[SourceDate "2019.09.14"]

1. e4 e5 2. Nc3 Nc6 3. f4 Bc5 4. Nf3 d6 5. Bc4 Nf6 6. d3 Bg4 7. Na4 Bb6 8. Nxb6
axb6 9. c3 d5 10. exd5 Nxd5 11. O-O O-O 12. h3 Bh5 13. Bxd5 Qxd5 14. g4 e4 15.
dxe4 Qxe4 16. gxh5 Rad8 17. Ng5 Qf5 18. Qg4 Qc5+ 19. Kh2 h6 20. Ne4 Qe7 21. Ng3
f5 22. Qe2 Qf7 23. b3 Rfe8 24. Qg2 Rd5 25. Bb2 Red8 26. Rf2 Qd7 27. Raf1 b5 28.
Rc2 Rd2 29. Rxd2 Qxd2 30. Nxf5 1-0

[Event "SF Telgte 1 - SF Beelen 1"]
[Site "Verbandsliga 2019/2020"]
[Date "2019.09.07"]
[Round "1.6"]
[White "Pohl, Tim"]
[Black "Fartmann, Franz Josef"]
[Result "1-0"]
[WhiteElo "1808"]
[BlackElo "1796"]
[PlyCount "55"]
[EventDate "2019.??.??"]
[SourceDate "2019.09.14"]

1. Nf3 Nf6 2. b3 e6 3. Bb2 Be7 4. e3 c5 5. d4 cxd4 6. Nxd4 a6 7. Be2 Qc7 8. O-O
b6 9. Nd2 Bb7 10. Bf3 Nc6 11. c4 O-O 12. Nxc6 Bxc6 13. Rc1 Rac8 14. Qe2 Rfd8
15. Rfd1 Qb7 16. Bxc6 Qxc6 17. Nf3 Qb7 18. h3 Ne8 19. e4 d6 20. e5 dxe5 21.
Bxe5 Bf6 22. Rc2 Bxe5 23. Nxe5 Qc7 24. Rcd2 Rxd2 25. Rxd2 Rd8 26. Rxd8 Qxd8 27.
Qf3 Qd4 28. Qxf7+ 1-0

[Event "SF Telgte 1 - SF Beelen 1"]
[Site "Verbandsliga 2019/2020"]
[Date "2019.09.07"]
[Round "1.7"]
[White "Austermann, Reinhold"]
[Black "Esser, Peter"]
[Result "1/2-1/2"]
[WhiteElo "1733"]
[BlackElo "1733"]
[PlyCount "51"]
[EventDate "2019.??.??"]
[SourceDate "2019.09.14"]

1. d4 Nf6 2. e3 d5 3. Bd3 g6 4. Nd2 Bg7 5. f4 O-O 6. Ngf3 c5 7. c3 Qc7 8. Ne5
Bf5 9. Bxf5 gxf5 10. O-O e6 11. g4 Nxg4 12. Nxg4 fxg4 13. Qxg4 f5 14. Qe2 Nd7
15. Nf3 Kh8 16. Kh1 Nf6 17. Bd2 Ne4 18. Be1 Bf6 19. Bh4 Bxh4 20. Nxh4 Rf7 21.
Rg1 Rg8 22. Rxg8+ Kxg8 23. Rg1+ Rg7 24. Nf3 Rxg1+ 25. Kxg1 Qg7+ 26. Qg2 1/2-1/2

[Event "SF Telgte 1 - SF Beelen 1"]
[Site "Verbandsliga 2019/2020"]
[Date "2019.09.07"]
[Round "1.8"]
[White "Rex, Dieter"]
[Black "Henke, Wolfgang"]
[Result "1-0"]
[WhiteElo "1698"]
[BlackElo "1724"]
[PlyCount "71"]
[EventDate "2019.??.??"]
[SourceDate "2019.09.14"]

1. d4 Nf6 2. Nf3 c5 3. c3 g6 4. Bf4 Bg7 5. Nbd2 cxd4 6. cxd4 d6 7. h3 Qa5 8. e3
Nc6 9. a3 O-O 10. Be2 e5 11. b4 Qd8 12. dxe5 Nd5 13. Qb3 dxe5 14. Bg5 f6 15.
Bh4 Be6 16. Bc4 Re8 17. Rd1 Nc7 18. Ne4 Qe7 19. Nc5 Rad8 20. O-O Bxc4 21. Qxc4+
Ne6 22. Rxd8 Ncxd8 23. Nxe5 g5 24. Bxg5 fxg5 25. Nf3 Nf7 26. Rd1 Nxc5 27. bxc5
Rc8 28. Rd5 Bf6 29. h4 Kg7 30. hxg5 Nxg5 31. Nxg5 Bxg5 32. Qg4 Rxc5 33. Rd7
Rc1+ 34. Kh2 Qxd7 35. Qxd7+ Kg6 36. Qxb7 1-0